Nanotechnology in Cement and Concrete Transportation Research Record, Journal of the Transportation Research Board, No.2141 Volume 1

Gespeichert in:
Bibliographische Detailangaben
Format: Buch
Sprache:Englisch
Veröffentlicht: Washington Transportation Research Board 2010
Schlagworte:
Online-Zugang:Im OPAC anzeigen
Tags: Tag hinzufügen
Keine Tags, Fügen Sie das erste Tag hinzu!

MARC

LEADER 00000nam a2200000 a 4500
005 20260127134301.0
008 101119 2010 xxu 000 0 eng d
020 |a 9780309142762 
035 |a vtls010190247 
039 9 |a 201011191209  |b mschk03  |y 201011191202  |z mschk03 
040 |a STUSCHK1  |b slo  |c STUSCHK1  |e AACR2 
245 1 |a Nanotechnology in Cement and Concrete  |n Volume 1  |b Transportation Research Record, Journal of the Transportation Research Board, No.2141 
260 |a Washington  |b Transportation Research Board  |c 2010 
300 |a 108 p.  |b ill.  |c 28 cm 
650 0 |a nanotechnology in cement 
910 |a SCHK95 
919 |a 978-0-309-14276-2 
999 |c 8746  |d 8746